[Event "CHN-chT (Women)"]
[Site "Liaocheng"]
[Date "2021.10.24"]
[Round "5.2"]
[White "Ning, Chunhong"]
[Black "Sun, Chen"]
[Result "1-0"]
[WhiteElo "2270"]
[BlackElo "1616"]
[PlyCount "71"]
[EventDate "2021.10.20"]
[EventType "team-tourn"]
[EventRounds "9"]
[EventCountry "CHN"]
[SourceTitle "CBM 204 Extra"]
[Source "ChessBase"]
[SourceDate "2021.11.30"]
[SourceVersion "1"]
[SourceVersionDate "2021.11.30"]
[SourceQuality "1"]
[WhiteTeam "Tianjin (W)"]
[BlackTeam "Shandong (W)"]
[WhiteTeamCountry "CHN"]
[BlackTeamCountry "CHN"]

1. d4 Nf6 2. Nf3 e6 3. Bg5 d5 4. Nbd2 h6 5. Bh4 c5 6. e3 Nc6 7. c3 Be7 8. Bd3 cxd4 9. exd4 g5 10. Bg3 Nh5 11. Be5 Nxe5 12. Nxe5 Nf4 13. Bb5+ Kf8 14. g3 Ng6 15. Nxg6+ fxg6 16. Qe2 Bf6 17. Nf3 Qc7 18. Bd3 Kg7 19. 0-0-0 a6 20. Kb1 Re8 21. Rde1 Bd7 22. h4 g4 23. Ne5 h5 24. Bxg6 Bxe5 25. Bxe8 Bxe8 26. Qxe5+ Qxe5 27. Rxe5 Bg6+ 28. Kc1 Be4 29. Re1 Rf8 30. Re2 Bf5 31. Kd2 Kf6 32. R2e3 Be4 33. Rxh5 Kg6 34. Rg5+ Kh6 35. Rxe4 dxe4 36. Ke2 1-0

[Event "CHN-chT (Women)"]
[Site "Liaocheng"]
[Date "2021.10.21"]
[Round "2.2"]
[White "Sun, Chen"]
[Black "Ning, Kaiyu"]
[Result "0-1"]
[WhiteElo "1616"]
[BlackElo "2372"]
[PlyCount "90"]
[EventDate "2021.10.20"]
[EventType "team-tourn"]
[EventRounds "9"]
[EventCountry "CHN"]
[SourceTitle "CBM 204 Extra"]
[Source "ChessBase"]
[SourceDate "2021.11.30"]
[SourceVersion "1"]
[SourceVersionDate "2021.11.30"]
[SourceQuality "1"]
[WhiteTeam "Shandong (W)"]
[BlackTeam "Shanghai (W)"]
[WhiteTeamCountry "CHN"]
[BlackTeamCountry "CHN"]

1. e4 c5 2. Nc3 d6 3. g3 Nc6 4. Bg2 g6 5. d3 Bg7 6. Be3 Nf6 7. h3 Rb8 8. Qd2 b5 9. f4 Bd7 10. Nge2 b4 11. Nd1 a5 12. g4 0-0 13. f5 Ne8 14. h4 Ne5 15. Nf2 Nf6 16. g5 Nh5 17. Nf4 Nxf4 18. Bxf4 c4 19. d4 c3 20. bxc3 bxc3 21. Qxc3 Nc6 22. Rd1 Rc8 23. f6 Nb4 24. Qg3 Nxc2+ 25. Kf1 exf6 26. Bxd6 Ne3+ 27. Qxe3 Bb5+ 28. Kg1 Qxd6 29. gxf6 Qxf6 30. e5 Qb6 31. h5 Rfd8 32. h6 Bh8 33. Bh3 Rc4 34. e6 Bxd4 35. Rxd4 Qxd4 36. exf7+ Kf8 37. Qa3+ Qd6 38. Qb2 Qg3+ 39. Bg2 Rcd4 40. Qxb5 Rd1+ 41. Nxd1 Rxd1+ 42. Qf1 Qe3+ 43. Kh2 Qxh6+ 44. Bh3 Rxf1 45. Rxf1 Qd2+ 0-1

[Event "CHN-chTB"]
[Site "Harbin"]
[Date "2019.07.25"]
[Round "9.2"]
[White "Sun, Chen"]
[Black "Mkrtchian, Lilit"]
[Result "0-1"]
[WhiteElo "1541"]
[BlackElo "2395"]
[PlyCount "66"]
[EventDate "2019.07.20"]
[EventType "team-swiss"]
[EventRounds "11"]
[EventCountry "CHN"]
[SourceTitle "CBM 191 Extra"]
[Source "ChessBase"]
[SourceDate "2019.09.30"]
[SourceVersion "1"]
[SourceVersionDate "2019.09.30"]
[SourceQuality "1"]
[WhiteTeam "Shandong"]
[BlackTeam "Shenzhen Ticai"]
[WhiteTeamCountry "CHN"]
[BlackTeamCountry "CHN"]

1. e4 g6 2. d4 Bg7 3. Nf3 d6 4. Nc3 Nf6 5. Be2 0-0 6. 0-0 c6 7. h3 Nbd7 8. Re1 Qc7 9. Bf1 e5 10. dxe5 dxe5 11. Be3 b5 12. a3 Bb7 13. Nd2 a6 14. f3 Nh5 15. Bf2 Nf4 16. Ne2 Ne6 17. c3 Ndc5 18. Qc2 Rfd8 19. Nc1 Bh6 20. Ndb3 Na4 21. c4 Nd4 22. Nxd4 exd4 23. cxb5 axb5 24. Bxb5 Nxb2 25. Qxb2 cxb5 26. Bxd4 Qc4 27. Nb3 Bc8 28. Rad1 Bf8 29. Bh8 Be6 30. Rxd8 Rxd8 31. Qf6 Rd3 32. Nc1 Rd2 33. Qa1 Qc5+ 0-1

[Event "CHN-chB (Women)"]
[Site "Hangzhou"]
[Date "2019.07.03"]
[Round "4"]
[White "Cai, Boheng"]
[Black "Sun, Chen"]
[Result "1-0"]
[WhiteElo "1791"]
[BlackElo "1541"]
[PlyCount "81"]
[EventDate "2019.07.02"]
[EventType "swiss"]
[EventRounds "11"]
[EventCountry "CHN"]
[SourceTitle "CBM 191 Extra"]
[Source "ChessBase"]
[SourceDate "2019.09.30"]
[SourceVersion "1"]
[SourceVersionDate "2019.09.30"]
[SourceQuality "1"]

1. d4 Nf6 2. c4 e6 3. Nf3 d5 4. Nc3 Be7 5. Bf4 c6 6. e3 Nbd7 7. cxd5 exd5 8. Bd3 0-0 9. h3 Nb6 10. Qc2 Re8 11. 0-0 h6 12. a3 a5 13. Nb5 cxb5 14. Bc7 Qd7 15. Bxb6 Qc6 16. Bc5 Bxc5 17. Qxc5 Qxc5 18. dxc5 b4 19. axb4 a4 20. Bb5 Bd7 21. Bxd7 Nxd7 22. Rfd1 Nf6 23. Nd4 g6 24. Nb5 Red8 25. Nc3 Ra6 26. b5 Re6 27. Rxa4 Kf8 28. Rad4 Ke7 29. Nxd5+ Rxd5 30. Rxd5 Nxd5 31. Rxd5 Re4 32. Rd4 Re5 33. b4 f5 34. c6 bxc6 35. bxc6 Re6 36. b5 Rd6 37. Rxd6 Kxd6 38. f3 Kc7 39. e4 fxe4 40. fxe4 g5 41. e5 1-0

[Event "CHN-chB (Women)"]
[Site "Hangzhou"]
[Date "2019.07.03"]
[Round "3"]
[White "Jiang, Zhaoyi"]
[Black "Sun, Chen"]
[Result "1-0"]
[WhiteElo "1931"]
[BlackElo "1541"]
[PlyCount "63"]
[EventDate "2019.07.02"]
[EventType "swiss"]
[EventRounds "11"]
[EventCountry "CHN"]
[SourceTitle "CBM 191 Extra"]
[Source "ChessBase"]
[SourceDate "2019.09.30"]
[SourceVersion "1"]
[SourceVersionDate "2019.09.30"]
[SourceQuality "1"]

1. d4 Nf6 2. Bf4 d5 3. e3 e6 4. Nf3 Bd6 5. Ne5 0-0 6. Nd2 Nfd7 7. Bd3 Bxe5 8. dxe5 Nc5 9. Be2 Nc6 10. c3 f6 11. exf6 Qxf6 12. Nf3 Qf7 13. Ng5 Qe7 14. Qc2 g6 15. b4 e5 16. Bg3 Qxg5 17. bxc5 Bf5 18. Qb3 Ne7 19. Qxb7 Be4 20. Qxc7 Rac8 21. Qxe5 Qxe5 22. Bxe5 Bxg2 23. Rg1 Bf3 24. Bd6 Bxe2 25. Kxe2 Rf7 26. Rad1 Rd8 27. Rg4 Rdf8 28. Bxe7 Rxe7 29. Rxd5 Rb8 30. Rb4 Rc8 31. Kd3 Rcc7 32. Kd4 1-0

[Event "Wch U12 Girls"]
[Site "Weifang"]
[Date "2019.??.??"]
[Round "5"]
[White "Shvedova, Alexandra"]
[Black "Sun, Chen"]
[Result "1-0"]
[WhiteElo "1932"]
[BlackElo "1529"]
[PlyCount "54"]
[EventDate "2019.08.21"]
[EventType "swiss"]
[EventRounds "11"]
[EventCountry "CHN"]
[SourceTitle "EXT 2020"]
[Source "ChessBase"]
[SourceDate "2019.10.17"]
[SourceVersion "1"]
[SourceVersionDate "2019.10.17"]
[SourceQuality "1"]

1. e4 c5 2. Nf3 Nc6 3. d4 cxd4 4. Nxd4 Nf6 5. Nc3 d6 6. Bg5 e6 7. g4 h6 8. Nxc6 bxc6 9. Be3 e5 10. h3 Qa5 11. Bg2 Ba6 12. a3 Be7 13. b4 Qc7 14. Ne2 Rd8 15. Ng3 d5 16. Qc1 Nxe4 17. Nxe4 dxe4 18. c4 c5 19. Qc2 0-0 20. b5 Bb7 21. Bxe4 Bxe4 22. Qxe4 Rd7 23. a4 Rfd8 24. a5 Rd3 25. 0-0 Bg5 26. b6 axb6 27. a6 Qa7 1-0

[Event "Wch U12 Girls"]
[Site "Weifang"]
[Date "2019.??.??"]
[Round "?"]
[White "Sun, Chen"]
[Black "Bayasgalan, Khishigbaatar"]
[Result "1/2-1/2"]
[WhiteElo "1529"]
[BlackElo "1643"]
[PlyCount "80"]
[EventDate "2019.08.21"]
[EventType "swiss"]
[EventRounds "11"]
[EventCountry "CHN"]
[SourceTitle "EXT 2020"]
[Source "ChessBase"]
[SourceDate "2019.10.17"]
[SourceVersion "1"]
[SourceVersionDate "2019.10.17"]
[SourceQuality "1"]

1. e4 c5 2. Nc3 Nc6 3. g3 e6 4. Bg2 d6 5. d3 g6 6. Be3 Bg7 7. Nge2 Nge7 8. 0-0 0-0 9. Qd2 Nd4 10. Nd1 Rb8 11. c3 Nxe2+ 12. Qxe2 Nc6 13. f4 Bd7 14. Nf2 b6 15. Rad1 Qe8 16. Rfe1 e5 17. fxe5 dxe5 18. Qd2 Be6 19. b3 Qe7 20. Bh6 Rfd8 21. Bxg7 Kxg7 22. Qe2 b5 23. h4 h5 24. Bh3 Bxh3 25. Nxh3 Qc7 26. Ng5 Rd6 27. Rf1 f6 28. Nf3 Rbd8 29. Qf2 c4 30. bxc4 bxc4 31. d4 Qa5 32. Rc1 exd4 33. cxd4 Nxd4 34. Nxd4 Rxd4 35. Qxf6+ Kh6 36. Qf4+ Kh7 37. Qf7+ Kh8 38. Qf6+ Kh7 39. Qf7+ Kh8 40. Qf6+ Kh7 1/2-1/2

[Event "CHN-chB (Women)"]
[Site "Hangzhou"]
[Date "2019.??.??"]
[Round "1"]
[White "Sun, Chen"]
[Black "Yuan, Ye"]
[Result "1-0"]
[WhiteElo "1541"]
[BlackElo "2125"]
[PlyCount "153"]
[EventDate "2019.07.02"]
[EventType "swiss"]
[EventRounds "11"]
[EventCountry "CHN"]
[SourceTitle "CBM 191 Extra"]
[Source "ChessBase"]
[SourceDate "2019.09.30"]
[SourceVersion "1"]
[SourceVersionDate "2019.09.30"]
[SourceQuality "1"]

1. e4 c5 2. Nc3 Nc6 3. g3 e6 4. Bg2 Nf6 5. d3 d5 6. exd5 exd5 7. Bg5 Be6 8. Nge2 Be7 9. 0-0 d4 10. Bxf6 gxf6 11. Ne4 Ne5 12. h3 Ng6 13. f4 Qd7 14. Nf2 0-0-0 15. c3 dxc3 16. bxc3 Rhg8 17. c4 Rg7 18. Rb1 b6 19. a4 Qc7 20. a5 Rdg8 21. axb6 axb6 22. Qa4 Nh4 23. Qa8+ Kd7 24. Qa4+ Kd8 25. Qa8+ Bc8 26. Qd5+ Bd6 27. Ne4 Nxg2 28. Qxd6+ Qxd6 29. Nxd6 Ne3 30. Rf3 Nf5 31. Nxf5 Bxf5 32. Kh2 Kc7 33. Nc3 Rd8 34. Nd5+ Rxd5 35. cxd5 Rg8 36. Re3 Ra8 37. g4 Bd7 38. Rb3 Ra2+ 39. Kg3 Ba4 40. d6+ Kc6 41. d7 Kxd7 42. Rxb6 Bc6 43. Rb8 Ra3 44. Kf2 Ra2+ 45. Re2 Ra1 46. Rh8 Rd1 47. Rxh7 Bd5 48. Re3 Rd2+ 49. Kg3 Rg2+ 50. Kh4 Rf2 51. f5 Rb2 52. Rh6 Rb6 53. Kh5 Bb3 54. Rh8 Bd1 55. Kh6 Rd6 56. Kg7 Bc2 57. Ra8 Bxd3 58. Ra3 Bc4 59. h4 Rd4 60. Rg3 Be2 61. Kxf6 Bxg4 62. Rad3 Be2 63. Rxd4+ cxd4 64. Ra3 d3 65. Ra2 Ke8 66. Rb2 Bf3 67. Kg5 Kf8 68. Rd2 Be2 69. f6 Kg8 70. Kh6 Kf8 71. Rb2 Ke8 72. h5 Kd7 73. Rd2 Ke8 74. Kg7 Bxh5 75. Rxd3 Bg6 76. Re3+ Kd8 77. Re7 1-0